[Event "ZH-2014-0-01323"]
[Site "LSS email"]
[Date "2015.01.04"]
[Round "?"]
[White "Svrsek, Radomir Jr"]
[Black "Salzmann, Stefan"]
[Result "1/2-1/2"]
[WhiteElo "2003"]
[BlackElo "2167"]
[PlyCount "85"]
[EventDate "2014.12.29"]
[EventType "match (corr)"]
[EventRounds "2"]
[EventCountry "GER"]
[SourceTitle "Corr 2015"]
[Source "ChessBase"]
[SourceDate "2015.07.17"]
[SourceVersion "1"]
[SourceVersionDate "2015.07.17"]
[SourceQuality "1"]

1. e4 c5 2. Nf3 d6 3. d4 cxd4 4. Nxd4 Nf6 5. Nc3 a6 6. Be3 e5 7. Nb3 Be6 8. Qd2 Nbd7 9. f3 Be7 10. g4 0-0 11. g5 Nh5 12. 0-0-0 b5 13. Nd5 Bxd5 14. exd5 f6 15. gxf6 Bxf6 16. Na5 Nf4 17. Nc6 Qc7 18. Rg1 Nb6 19. Bxf4 exf4 20. c3 b4 21. cxb4 Na4 22. Kc2 Nxb2 23. Re1 Na4 24. Qxf4 Nb6 25. Qd2 Kh8 26. f4 Qd7 27. Bg2 a5 28. b5 Rae8 29. Kb3 a4+ 30. Kb4 Ra8 31. Re6 a3 32. Be4 Ra4+ 33. Kb3 Qb7 34. Rc1 Qa8 35. Rc2 Be5 36. Nxe5 dxe5 37. Rxe5 Nd7 38. Re7 Rb8 39. Qg2 Rxb5+ 40. Kc3 Qf8 41. Qh3 Nf6 42. Kd3 Nxe4 43. Qd7 1/2-1/2

[Event "ZH-2014-0-01281"]
[Site "LSS email"]
[Date "2014.09.05"]
[Round "?"]
[White "Svrsek, Radomir Jr"]
[Black "Kahl, Fred"]
[Result "0-1"]
[WhiteElo "2068"]
[BlackElo "2168"]
[PlyCount "68"]
[EventDate "2014.08.28"]
[EventType "match (corr)"]
[EventRounds "2"]
[EventCountry "GER"]
[SourceTitle "Corr 2015"]
[Source "ChessBase"]
[SourceDate "2015.07.17"]
[SourceVersion "1"]
[SourceVersionDate "2015.07.17"]
[SourceQuality "1"]

1. e4 e5 2. Nf3 Nc6 3. Bb5 a6 4. Ba4 Nf6 5. 0-0 Be7 6. Re1 b5 7. Bb3 0-0 8. c3 d5 9. exd5 Nxd5 10. Nxe5 Nxe5 11. Rxe5 c6 12. d4 Bd6 13. Re1 Qh4 14. g3 Qh3 15. Re4 g5 16. Qf1 Qh5 17. Nd2 f5 18. Bd1 Qh6 19. Re1 f4 20. Ne4 Bc7 21. Bd2 Bf5 22. Nc5 Rf7 23. Qe2 Bg6 24. c4 bxc4 25. Ba4 Bf5 26. Qxc4 Raf8 27. Qe2 Kh8 28. Nxa6 fxg3 29. fxg3 Bd3 30. Bxg5 Qxg5 31. Qxd3 Nf4 32. Qf1 Qg4 33. Bb3 Rf6 34. Nxc7 Nh3+ 0-1

[Event "SA-2014-0-00429"]
[Site "LSS email"]
[Date "2014.09.03"]
[Round "?"]
[White "Morcin, Tom"]
[Black "Svrsek, Radomir Jr"]
[Result "1-0"]
[WhiteElo "2095"]
[BlackElo "2003"]
[PlyCount "125"]
[EventDate "2014.08.19"]
[EventType "tourn (corr)"]
[EventRounds "6"]
[EventCountry "GER"]
[SourceTitle "Corr 2015"]
[Source "ChessBase"]
[SourceDate "2015.07.17"]
[SourceVersion "1"]
[SourceVersionDate "2015.07.17"]
[SourceQuality "1"]

1. d4 Nf6 2. c4 e6 3. Nc3 d5 4. Nf3 Be7 5. Bf4 0-0 6. e3 Nbd7 7. Qc2 c5 8. dxc5 Nxc5 9. Be2 Nce4 10. Nxe4 dxe4 11. Nd2 Bd7 12. 0-0 Ba4 13. b3 Bc6 14. a3 a5 15. Rfd1 Qb6 16. Be5 Rfd8 17. h3 Qc5 18. Bc3 Qg5 19. b4 b6 20. Rab1 Rf8 21. b5 Bb7 22. Bd4 Nd7 23. Nxe4 Qg6 24. Bf3 Rad8 25. Bxb6 Nxb6 26. Rxd8 Rxd8 27. c5 Rc8 28. c6 Ba8 29. Qc3 Qf5 30. Qd4 Nd5 31. a4 h6 32. Rc1 Ba3 33. Rc4 Bf8 34. Nd2 Qg5 35. Nb3 Qd8 36. Rc1 Bb4 37. Bxd5 Qxd5 38. Qxd5 exd5 39. Nd4 Kf8 40. b6 Ke8 41. f4 Rb8 42. c7 Rc8 43. Kf2 Kd7 44. Nb5 Bb7 45. Na7 Ra8 46. c8Q+ Bxc8 47. Rc7+ Kd8 48. Nc6+ Ke8 49. Rxc8+ Rxc8 50. b7 Kd7 51. Ne5+ Kc7 52. bxc8Q+ Kxc8 53. Nxf7 Kd7 54. Ne5+ Kd6 55. Nd3 Bc3 56. Kf3 Bf6 57. e4 dxe4+ 58. Kxe4 Bd8 59. g4 Bh4 60. Kf5 g5 61. Kg6 gxf4 62. Kxh6 Ke6 63. Nxf4+ 1-0

[Event "LSS No Engine Cup 116 Preliminary 4"]
[Site "LSS email"]
[Date "2014.08.22"]
[Round "?"]
[White "Stringa, Alejandro J"]
[Black "Svrsek, Radomir Jr"]
[Result "0-1"]
[WhiteElo "1367"]
[BlackElo "1904"]
[PlyCount "68"]
[EventDate "2014.08.23"]
[EventType "tourn (corr)"]
[EventRounds "6"]
[EventCountry "GER"]
[SourceTitle "Corr 2015"]
[Source "ChessBase"]
[SourceDate "2015.07.17"]
[SourceVersion "1"]
[SourceVersionDate "2015.07.17"]
[SourceQuality "1"]

1. d4 d5 2. c4 e6 3. Nc3 Nf6 4. Bg5 Be7 5. e3 0-0 6. Nf3 h6 7. Bh4 b6 8. Be2 Nbd7 9. cxd5 exd5 10. 0-0 Bb7 11. Rc1 Ne4 12. Bxe7 Qxe7 13. Qb3 c6 14. Nxe4 dxe4 15. Nd2 Rfd8 16. Rfd1 c5 17. Qa3 Qf6 18. Nc4 a5 19. dxc5 Nxc5 20. Qc3 Qxc3 21. Rxc3 Ba6 22. Rdc1 Bxc4 23. Bxc4 Rd6 24. a3 Rd2 25. R3c2 Rad8 26. Kf1 a4 27. Ke1 R2d6 28. f3 exf3 29. gxf3 g5 30. e4 Kg7 31. Ke2 Nb3 32. Bxb3 axb3 33. Rc6 Rd2+ 34. Ke1 Rxb2 0-1

[Event "Remote Superturnier 21 email"]
[Site "Remote email"]
[Date "2014.08.02"]
[Round "?"]
[White "Svrsek, Radomir Jr"]
[Black "Traut, Gerhard"]
[Result "1/2-1/2"]
[WhiteElo "2358"]
[BlackElo "2337"]
[PlyCount "43"]
[EventDate "2014.??.??"]
[EventType "tourn (corr)"]
[EventRounds "14"]
[EventCountry "GER"]
[SourceTitle "Corr 2015"]
[Source "ChessBase"]
[SourceDate "2015.07.17"]
[SourceVersion "1"]
[SourceVersionDate "2015.07.17"]
[SourceQuality "1"]

1. e4 e5 2. Nf3 Nc6 3. d4 exd4 4. Nxd4 Nf6 5. Nxc6 bxc6 6. Nc3 Bb4 7. Bd3 d5 8. exd5 cxd5 9. Qe2+ Qe7 10. 0-0 Qxe2 11. Nxe2 c5 12. a3 Ba5 13. b4 Bb6 14. bxc5 Bxc5 15. Bb2 0-0 16. Bd4 Bxd4 17. Nxd4 Bd7 18. f3 g6 19. Kf2 Rfb8 20. Rab1 Kf8 21. Rfe1 Ne8 22. Rb3 1/2-1/2

[Event "Remote Superturnier 21 email"]
[Site "Remote email"]
[Date "2014.08.02"]
[Round "?"]
[White "Vega Palma, Manuel"]
[Black "Svrsek, Radomir Jr"]
[Result "1/2-1/2"]
[WhiteElo "2443"]
[BlackElo "2358"]
[PlyCount "44"]
[EventDate "2014.??.??"]
[EventType "tourn (corr)"]
[EventRounds "14"]
[EventCountry "GER"]
[SourceTitle "Corr 2015"]
[Source "ChessBase"]
[SourceDate "2015.07.17"]
[SourceVersion "1"]
[SourceVersionDate "2015.07.17"]
[SourceQuality "1"]

1. e4 e5 2. Nf3 Nc6 3. Bb5 a6 4. Ba4 Nf6 5. 0-0 Be7 6. Re1 b5 7. Bb3 0-0 8. Nc3 d6 9. Nd5 Na5 10. Nxe7+ Qxe7 11. d3 c5 12. Bg5 Nxb3 13. axb3 a5 14. Qd2 a4 15. bxa4 bxa4 16. b3 Bd7 17. bxa4 h6 18. Bxf6 Qxf6 19. Qc3 Bxa4 20. Reb1 Bd7 21. Qb3 Be6 22. Qb6 Ba2 1/2-1/2

[Event "LSS No Engine Cup 114 Preliminary 5"]
[Site "LSS email"]
[Date "2014.07.18"]
[Round "?"]
[White "Rusin, Evgenij"]
[Black "Svrsek, Radomir Jr"]
[Result "1/2-1/2"]
[WhiteElo "1831"]
[BlackElo "1896"]
[PlyCount "89"]
[EventDate "2014.07.19"]
[EventType "tourn (corr)"]
[EventRounds "6"]
[EventCountry "GER"]
[SourceTitle "Corr 2015"]
[Source "ChessBase"]
[SourceDate "2015.07.17"]
[SourceVersion "1"]
[SourceVersionDate "2015.07.17"]
[SourceQuality "1"]

1. e4 e5 2. Nf3 Nc6 3. Nc3 Nf6 4. Bb5 d6 5. d4 Bd7 6. Bxc6 Bxc6 7. Qd3 a6 8. dxe5 dxe5 9. Nxe5 Qxd3 10. cxd3 Bb5 11. a4 Bd7 12. Nxd7 Kxd7 13. Bg5 Be7 14. f3 Nd5 15. Bxe7 Nxe7 16. Ke2 Rad8 17. d4 f5 18. Rhf1 Rhf8 19. g4 Nc6 20. d5 Nd4+ 21. Kd3 Nxf3 22. gxf5 Ne5+ 23. Kd4 Kd6 24. Ne2 Rf6 25. Nf4 Rh6 26. h3 Rb8 27. b4 a5 28. b5 c5+ 29. dxc6 bxc6 30. Rfd1 cxb5 31. Rac1 g5 32. fxg6 Nxg6 33. Ke3+ Ke7 34. Rc7+ Kf8 35. axb5 Nxf4 36. Kxf4 Rh4+ 37. Kf3 Rxh3+ 38. Kg4 Rb3 39. Rd5 R3xb5 40. Rxb5 Rxb5 41. Rxh7 Rb1 42. Kf5 Rf1+ 43. Ke6 a4 44. Ra7 Ra1 45. e5 1/2-1/2

[Event "LSS No Engine Cup 114 Preliminary 5"]
[Site "LSS email"]
[Date "2014.07.18"]
[Round "?"]
[White "Svrsek, Radomir Jr"]
[Black "Molina, Vicente Andres"]
[Result "1-0"]
[WhiteElo "1896"]
[BlackElo "815"]
[PlyCount "87"]
[EventDate "2014.07.19"]
[EventType "tourn (corr)"]
[EventRounds "6"]
[EventCountry "GER"]
[SourceTitle "Corr 2015"]
[Source "ChessBase"]
[SourceDate "2015.07.17"]
[SourceVersion "1"]
[SourceVersionDate "2015.07.17"]
[SourceQuality "1"]

1. e4 c5 2. Nf3 d6 3. d4 cxd4 4. Nxd4 Nf6 5. Nc3 a6 6. Be2 e5 7. Nf3 h6 8. 0-0 Be6 9. a4 Nbd7 10. b3 Rc8 11. Qd3 Qa5 12. Bb2 Nc5 13. Qe3 Ng4 14. Qc1 Be7 15. Nd2 Nf6 16. Qe1 0-0 17. Nc4 Qc7 18. f3 Rfd8 19. Ne3 Ncd7 20. Kh1 Nb6 21. a5 Nbd7 22. Qd2 Nf8 23. Rfd1 b5 24. axb6 Qxb6 25. Rxa6 Qb7 26. Rda1 Ra8 27. Qd3 Rxa6 28. Qxa6 Qxa6 29. Rxa6 d5 30. Ncxd5 Nxd5 31. Nxd5 Bxd5 32. exd5 Rxd5 33. g3 Rd2 34. Bd3 Ne6 35. Ra8+ Nf8 36. Bxe5 f6 37. Bc3 Rf2 38. f4 Rf3 39. Bc4+ Kh7 40. Bd4 g5 41. Ra7 Ng6 42. Be2 g4 43. Bxf3 gxf3 44. f5 1-0

[Event "SA-2014-0-00417"]
[Site "LSS email"]
[Date "2014.07.17"]
[Round "?"]
[White "Svrsek, Radomir Jr"]
[Black "Morcin, Tom"]
[Result "1-0"]
[WhiteElo "2068"]
[BlackElo "2116"]
[PlyCount "59"]
[EventDate "2014.07.02"]
[EventType "tourn (corr)"]
[EventRounds "6"]
[EventCountry "GER"]
[SourceTitle "Corr 2015"]
[Source "ChessBase"]
[SourceDate "2015.07.17"]
[SourceVersion "1"]
[SourceVersionDate "2015.07.17"]
[SourceQuality "1"]

1. d4 Nf6 2. c4 e6 3. Nf3 d5 4. Nc3 Bb4 5. Bg5 dxc4 6. e4 c5 7. Bxc4 cxd4 8. Nxd4 Bxc3+ 9. bxc3 Qa5 10. Bb5+ Nbd7 11. Bxf6 Qxc3+ 12. Kf1 gxf6 13. h4 a6 14. Rh3 Qa5 15. Be2 Qe5 16. Rc1 b6 17. Rd3 Qh2 18. Nf3 Qh1+ 19. Ng1 Qxh4 20. e5 fxe5 21. Bf3 Rb8 22. Bc6 Qe7 23. Qe2 0-0 24. Rcd1 Qf6 25. Bxd7 Bb7 26. Qb2 Bd5 27. Nf3 Qe7 28. Nxe5 f6 29. Rg3+ Kh8 30. Nc6 1-0

[Event "SA-2014-0-00417"]
[Site "LSS email"]
[Date "2014.07.16"]
[Round "?"]
[White "Svrsek, Radomir Jr"]
[Black "Sorcinelli, Andrea"]
[Result "1/2-1/2"]
[WhiteElo "2068"]
[BlackElo "2110"]
[PlyCount "39"]
[EventDate "2014.07.02"]
[EventType "tourn (corr)"]
[EventRounds "6"]
[EventCountry "GER"]
[SourceTitle "Corr 2015"]
[Source "ChessBase"]
[SourceDate "2015.07.17"]
[SourceVersion "1"]
[SourceVersionDate "2015.07.17"]
[SourceQuality "1"]

1. e4 e5 2. Nf3 Nc6 3. Bb5 a6 4. Ba4 Nf6 5. 0-0 Be7 6. Nc3 b5 7. Bb3 0-0 8. d3 d6 9. Nd5 Na5 10. Nxe7+ Qxe7 11. Bd2 Nxb3 12. axb3 Nd7 13. Qe2 Bb7 14. b4 c5 15. Rfd1 f5 16. b3 Rab8 17. h3 h6 18. Nh2 fxe4 19. dxe4 Nf6 20. bxc5 1/2-1/2

[Event "BI-2014-P-0006"]
[Site "LSS email"]
[Date "2014.04.19"]
[Round "?"]
[White "Doner, Mustafa"]
[Black "Svrsek, Radomir Jr"]
[Result "1-0"]
[WhiteElo "1385"]
[BlackElo "1904"]
[PlyCount "109"]
[EventDate "2014.04.25"]
[EventType "tourn (corr)"]
[EventRounds "10"]
[EventCountry "GER"]
[SourceTitle "Corr 2015"]
[Source "ChessBase"]
[SourceDate "2015.07.17"]
[SourceVersion "1"]
[SourceVersionDate "2015.07.17"]
[SourceQuality "1"]

1. d4 d5 2. Nf3 Nc6 3. c4 e6 4. Nc3 Nf6 5. Bg5 Be7 6. e3 0-0 7. Be2 h6 8. Bh4 a6 9. Rc1 Re8 10. 0-0 dxc4 11. Bxc4 b5 12. Bd3 Bb7 13. Bxf6 Bxf6 14. Ne4 Be7 15. Nc5 Bxc5 16. Rxc5 Ne7 17. Qe2 Qd6 18. Rfc1 Rac8 19. Ne5 f6 20. Ng6 Nxg6 21. Bxg6 Re7 22. a4 bxa4 23. Bc2 Rb8 24. Bxa4 Bd5 25. Bc6 Rb6 26. Bxd5 exd5 27. Qc2 Qd7 28. g3 Qe6 29. Rc6 Rxc6 30. Qxc6 Kf7 31. Qa8 Rd7 32. Rc5 Qe4 33. Qc6 Qe6 34. Qa4 Qf5 35. Rc1 Qe6 36. b4 Qe7 37. h4 Rd6 38. Qa5 Rd7 39. Rc6 Qe4 40. Qa2 Qf5 41. Rxa6 Qd3 42. Ra5 Qe4 43. b5 Re7 44. Ra8 Re8 45. Ra7 Re7 46. h5 Qf5 47. Qb2 Qe4 48. Qb4 g5 49. Ra8 Re8 50. Ra1 Ke6 51. Ra7 Kf5 52. Rxc7 Ra8 53. Qe1 Rb8 54. Qf1 Qf3 55. Rh7 1-0

[Event "BI-2014-P-0006"]
[Site "LSS email"]
[Date "2014.04.19"]
[Round "?"]
[White "Sarakenidis, Nikolaos"]
[Black "Svrsek, Radomir Jr"]
[Result "1-0"]
[WhiteElo "2249"]
[BlackElo "1904"]
[PlyCount "71"]
[EventDate "2014.04.25"]
[EventType "tourn (corr)"]
[EventRounds "10"]
[EventCountry "GER"]
[SourceTitle "Corr 2015"]
[Source "ChessBase"]
[SourceDate "2015.07.17"]
[SourceVersion "1"]
[SourceVersionDate "2015.07.17"]
[SourceQuality "1"]

1. d4 d5 2. c4 e6 3. Nc3 Nf6 4. cxd5 exd5 5. Bf4 Bb4 6. e3 a6 7. Bd3 0-0 8. Nge2 h6 9. a3 Bd6 10. 0-0 Bxf4 11. Nxf4 c6 12. b4 Nbd7 13. a4 a5 14. b5 Nb6 15. Qb3 g5 16. Nfe2 Be6 17. bxc6 bxc6 18. Qa3 Qc7 19. f4 g4 20. Rac1 Rab8 21. Nb5 Qb7 22. f5 cxb5 23. Qd6 Nc4 24. Bxc4 bxc4 25. fxe6 fxe6 26. Qxe6+ Kg7 27. Nf4 Qf7 28. e4 Rbe8 29. Qxf7+ Rxf7 30. e5 Ne4 31. Nxd5 Rd8 32. Ne3 c3 33. d5 Rxf1+ 34. Kxf1 Re8 35. e6 Kf6 36. Ke2 1-0

[Event "BI-2013-F-0015"]
[Site "LSS email"]
[Date "2014.02.21"]
[Round "?"]
[White "Buczinski, Henryk"]
[Black "Svrsek, Radomir Jr"]
[Result "1-0"]
[WhiteElo "1977"]
[BlackElo "1896"]
[PlyCount "109"]
[EventDate "2014.02.27"]
[EventType "tourn (corr)"]
[EventRounds "10"]
[EventCountry "GER"]
[SourceTitle "Corr 2015"]
[Source "ChessBase"]
[SourceDate "2015.07.17"]
[SourceVersion "1"]
[SourceVersionDate "2015.07.17"]
[SourceQuality "1"]

1. e4 e5 2. Nf3 Nc6 3. Bb5 a6 4. Ba4 Nf6 5. 0-0 b5 6. Bb3 Bb7 7. d3 Bc5 8. a4 b4 9. Nbd2 d6 10. Nc4 0-0 11. Bg5 h6 12. Be3 Bxe3 13. Nxe3 Na5 14. Ba2 Rb8 15. Nd2 Nc6 16. Qe2 Nd4 17. Qe1 d5 18. f3 c6 19. Nb3 Bc8 20. Qf2 Re8 21. Rae1 Ne6 22. Ng4 Nf4 23. Nxf6+ Qxf6 24. Kh1 d4 25. Nd2 Rb7 26. g3 Nh3 27. Qg2 Rc7 28. Nc4 Ng5 29. Qd2 c5 30. f4 exf4 31. Qxf4 Qe7 32. Nd6 Rd8 33. Nxc8 Rcxc8 34. h4 Ne6 35. Qg4 Kh8 36. Rf2 Rf8 37. Ref1 Rc6 38. Bd5 Rd6 39. Qh5 Kg8 40. a5 Nd8 41. Bc4 Qd7 42. Kg2 Ne6 43. e5 Rc6 44. Qg4 Kh8 45. Kh2 Qe7 46. Qe4 Rc7 47. Qf5 Nd8 48. e6 Nb7 49. exf7 Nd6 50. Qh5 Nxc4 51. Rf6 Kh7 52. Qg6+ Kh8 53. dxc4 Qe2+ 54. R1f2 Qe3 55. R2f4 1-0

[Event "BI-2013-F-0015"]
[Site "LSS email"]
[Date "2014.02.21"]
[Round "?"]
[White "Herzog, Klaus"]
[Black "Svrsek, Radomir Jr"]
[Result "1-0"]
[WhiteElo "1828"]
[BlackElo "1896"]
[PlyCount "27"]
[EventDate "2014.02.27"]
[EventType "tourn (corr)"]
[EventRounds "10"]
[EventCountry "GER"]
[SourceTitle "Corr 2015"]
[Source "ChessBase"]
[SourceDate "2015.07.17"]
[SourceVersion "1"]
[SourceVersionDate "2015.07.17"]
[SourceQuality "1"]

1. d4 d5 2. c4 e6 3. Nc3 Nf6 4. Nf3 Be7 5. Bf4 a6 6. e3 0-0 7. c5 c6 8. Bd3 h6 9. 0-0 Nbd7 10. Qe2 Nh5 11. Be5 f6 12. Bd6 Bxd6 13. cxd6 e5 14. Bg6 1-0

[Event "BI-2013-F-0015"]
[Site "LSS email"]
[Date "2014.02.21"]
[Round "?"]
[White "Svrsek, Radomir Jr"]
[Black "Salonen, Jukka"]
[Result "1/2-1/2"]
[WhiteElo "1896"]
[BlackElo "1896"]
[PlyCount "46"]
[EventDate "2014.02.27"]
[EventType "tourn (corr)"]
[EventRounds "10"]
[EventCountry "GER"]
[SourceTitle "Corr 2015"]
[Source "ChessBase"]
[SourceDate "2015.07.17"]
[SourceVersion "1"]
[SourceVersionDate "2015.07.17"]
[SourceQuality "1"]

1. e4 e5 2. Nf3 Nc6 3. d4 exd4 4. Nxd4 Nf6 5. Nxc6 dxc6 6. Qxd8+ Kxd8 7. Nc3 Bb4 8. f3 Be6 9. Bd3 Nd7 10. Bd2 f6 11. a3 Bd6 12. Nd1 Ne5 13. Be2 Nc4 14. Bb4 a5 15. Bxc4 Bxc4 16. Bxd6 cxd6 17. Kf2 Be6 18. Ne3 Kc7 19. Rhd1 Rhd8 20. a4 d5 21. exd5 Bxd5 22. Nxd5+ Rxd5 23. Rxd5 cxd5 1/2-1/2

[Event "Remote Superturnier 20 email"]
[Site "Remote email"]
[Date "2014.02.13"]
[Round "?"]
[White "Dickl, Errol"]
[Black "Svrsek, Radomir Jr"]
[Result "1-0"]
[WhiteElo "2341"]
[BlackElo "2377"]
[PlyCount "65"]
[EventDate "2014.??.??"]
[EventType "tourn (corr)"]
[EventRounds "14"]
[EventCountry "GER"]
[SourceTitle "Corr 2015"]
[Source "ChessBase"]
[SourceDate "2015.07.17"]
[SourceVersion "1"]
[SourceVersionDate "2015.07.17"]
[SourceQuality "1"]

1. d4 d5 2. Bg5 Nf6 3. e3 c6 4. Nf3 Bg4 5. Bxf6 exf6 6. c4 Bb4+ 7. Nc3 Bxc3+ 8. bxc3 0-0 9. Qc2 Bxf3 10. gxf3 Nd7 11. Rb1 Qc7 12. Bd3 g6 13. h4 f5 14. h5 Nf6 15. hxg6 fxg6 16. Ke2 Rfe8 17. Rbg1 Re7 18. Bxf5 Rg7 19. Be6+ Kf8 20. f4 Re8 21. f5 Ree7 22. Rh6 Rxe6 23. fxe6 Qc8 24. Qa4 Rc7 25. Qa3+ Kg7 26. Rhxg6+ hxg6 27. Qd6 Kh7 28. e7 Kg7 29. e8Q Nxe8 30. Qxg6+ Kf8 31. Qh6+ Ke7 32. Qh4+ Kd7 33. Rg8 1-0